[Event "Mondiale Semilampo 2016"]
[Site "Doha QAT"]
[Date "2016.12.26"]
[Round "2.6"]
[White "Halkias, Stelios"]
[Black "Aronian, Levon"]
[Result "0-1"]
[WhiteTitle "GM"]
[BlackTitle "GM"]
[WhiteElo "2585"]
[BlackElo "2785"]
[WhiteFideId "4201809"]
[BlackFideId "13300474"]
[EventDate "2016.12.26"]

1. Nf3 d5 2. d4 Bf5 3. e3 e6 4. b3 Nf6 5. Bd3 Bxd3 6. Qxd3 c5 7. O-O Nc6 8. dxc5
Bxc5 9. Bb2 O-O 10. a3 Qe7 11. Nbd2 e5 12. Qf5 Rfe8 13. c4 Rad8 14. b4 Bd6 15.
cxd5 Nxd5 16. Nc4 b5 17. Nxd6 Rxd6 18. Rac1 Nb6 19. Rc5 Na4 20. Rc2 f6 21. Ba1
Red8 22. Rcc1 Qd7 23. Qe4 Ne7 24. h4 h5 25. Rfe1 Nb6 26. Nh2 Nc4 27. Nf1 Nxa3
28. Ng3 Nc4 29. Nxh5 Nd2 30. Qc2 Nf5 31. Bc3 Nxh4 32. Bxd2 Qg4 33. Ng3 Rxd2 34.
Qc6 a6 35. Qxa6 Rxf2 36. Kxf2 Rd2+ 37. Re2 Rxe2+ 38. Nxe2 Qxg2+ 39. Ke1 Nf3+ 40.
Kd1 Qf1+ 41. Kc2 Qxe2+ 42. Kb3 Nd2+ 43. Kc3 Ne4+ 44. Kb3 Qxe3+ 45. Kb2 Qd2+ 46.
Kb1 Nc3+ 47. Rxc3 Qxc3 48. Qxb5 g5 49. Qe8+ Kg7 50. Qd7+ Kg6 51. b5 Qb4+ 52. Kc2
g4 53. Qc6 Qa4+ 54. Kd2 Kg5 55. Qc5 Qa2+ 56. Kc3 Qa1+ 57. Kb3 Qb1+ 58. Ka3 g3
59. Qe3+ Kg4 60. b6 Qa1+ 61. Kb4 Qb2+ 62. Kc5 Qf2 63. Qxf2 gxf2 64. b7 f1=Q 65.
b8=Q e4 66. Qg8+ Kf3 67. Qg6 Qc1+ 68. Kd5 Qg5+ 0-1

[Event "Mondiale Semilampo 2016"]
[Site "Doha QAT"]
[Date "2016.12.26"]
[Round "2.8"]
[White "Volokitin, Andrei"]
[Black "Yu, Yangyi"]
[Result "0-1"]
[WhiteTitle "GM"]
[BlackTitle "GM"]
[WhiteElo "2649"]
[BlackElo "2729"]
[WhiteFideId "14107090"]
[BlackFideId "8603820"]
[EventDate "2016.12.26"]

1. e4 c5 2. Nf3 Nc6 3. Nc3 e5 4. Bc4 Be7 5. d3 d6 6. O-O Nf6 7. Ng5 O-O 8. f4
Bg4 9. Qe1 exf4 10. Bxf4 Nd4 11. Qd2 Qd7 12. Be3 Be6 13. Nxe6 fxe6 14. Bxd4 cxd4
15. Ne2 Kh8 16. Bb3 d5 17. exd5 exd5 18. Nxd4 Bc5 19. c3 Rae8 20. Rae1 Qg4 21.
Rxe8 Rxe8 22. Rf3 Bxd4+ 23. cxd4 Qxd4+ 24. Kh1 Qxb2 25. Qd1 Re2 26. Qf1 h6 27.
Bxd5 Qe5 28. Be4 Rxa2 29. Re3 Ra1 30. Re1 Rxe1 31. Qxe1 a5 32. h3 a4 33. Qb4
Nxe4 34. dxe4 b5 35. Kg1 Kh7 36. Kf2 h5 37. g3 Kg6 38. h4 Kf7 39. Kf3 Ke6 40.
Qa5 Qc5 41. Qd8 a3 42. Qe8+ Kd6 43. e5+ Qxe5 44. Qb8+ Ke6 45. Qe8+ Kf5 46. Qf8+
Qf6 47. Qxa3 Qc6+ 48. Kf2 Kg4 49. Qe3 Qf6+ 50. Ke1 b4 51. Qe4+ Kxg3 52. Qxb4
Qxh4 53. Qb7 g5 54. Qd5 Kh2+ 55. Ke2 Qg4+ 56. Ke3 Qg1+ 0-1

[Event "Mondiale Semilampo 2016"]
[Site "Doha QAT"]
[Date "2016.12.26"]
[Round "2.9"]
[White "Li, Chao b"]
[Black "Zhigalko, Sergei"]
[Result "1/2-1/2"]
[WhiteTitle "GM"]
[BlackTitle "GM"]
[WhiteElo "2720"]
[BlackElo "2671"]
[WhiteFideId "8604436"]
[BlackFideId "13502956"]
[EventDate "2016.12.26"]

1. d4 Nf6 2. c4 e6 3. Nc3 Bb4 4. Nf3 b6 5. e3 Bb7 6. Bd3 O-O 7. O-O d5 8. cxd5
exd5 9. Bd2 Bd6 10. Rc1 a6 11. Ne5 c5 12. f4 Nc6 13. Be1 cxd4 14. exd4 Nxd4 15.
Bh4 Ne6 16. Qf3 Nc5 17. Bb1 Be7 18. Rcd1 h6 19. Bxf6 Bxf6 20. Nxd5 Bxe5 21. fxe5
Qg5 22. b4 Bxd5 23. Rxd5 Ne6 24. Rd7 Qxe5 25. Rxf7 Rad8 26. a3 Qd4+ 27. Kh1 Nf4
28. Rxf8+ Rxf8 29. Qb3+ Kh8 30. Qc2 g6 31. Rd1 Qf6 32. Qe4 Nd5 33. Rg1 Nc3 34.
Qxg6 Qxg6 35. Bxg6 Rf2 36. Bd3 Ra2 37. Bxa6 Rxa3 38. b5 Rb3 39. h3 Nxb5 40. Rd1
Kg7 41. Kh2 Kf6 42. Rd8 Nc7 43. Bb7 Ne6 44. Rd6 Ke7 45. Rd5 Nf4 46. Rf5 Rb4 47.
Bf3 Rd4 48. Kg3 Ne6 49. h4 Rd6 50. Bh5 Rd3+ 51. Kh2 Nd8 52. Bf3 Rd6 53. Be2 Rf6
54. Rh5 Ne6 55. Bc4 Ng7 56. Re5+ Kd6 57. Rd5+ Kc6 58. Rd4 b5 59. Be2 Kc5 60. Rd7
Nf5 61. h5 b4 62. Rc7+ Rc6 63. Rb7 Nd4 64. Bd3 b3 65. Kg3 Rf6 66. Rc7+ Kd5 67.
Rb7 Ke5 68. Re7+ Re6 69. Rb7 Rf6 70. Bg6 Rf1 71. Re7+ Kd6 72. Rh7 Nf5+ 1/2-1/2

[Event "Mondiale Semilampo 2016"]
[Site "Doha QAT"]
[Date "2016.12.26"]
[Round "2.10"]
[White "Artemiev, Vladislav"]
[Black "Banikas, Hristos"]
[Result "1-0"]
[WhiteTitle "GM"]
[BlackTitle "GM"]
[WhiteElo "2653"]
[BlackElo "2568"]
[WhiteFideId "24101605"]
[BlackFideId "4202031"]
[EventDate "2016.12.26"]

1. d4 Nf6 2. Nf3 g6 3. Bg5 Bg7 4. Nbd2 O-O 5. e3 d6 6. Bc4 c5 7. c3 Nc6 8. O-O
b6 9. a3 Bb7 10. b4 cxd4 11. cxd4 h6 12. Bh4 e6 13. d5 exd5 14. Bxd5 g5 15. Bxc6
Bxc6 16. Nd4 Bb7 17. Bg3 Qd7 18. Rc1 Rac8 19. Qe2 Nd5 20. Qd3 f5 21. Rxc8 Bxc8
22. Nb5 Bb7 23. e4 f4 24. exd5 fxg3 25. hxg3 a6 26. Nc3 Bxc3 27. Qxc3 Bxd5 28.
Qd4 Qf5 29. Re1 b5 30. Re7 Rf7 31. Re2 Bc6 32. Qxd6 Qf6 33. Qxf6 Rxf6 34. Nb3
Rd6 35. Nc5 Rd1+ 36. Kh2 Ra1 37. Re6 Bd5 38. Rxa6 Ra2 39. Rd6 Bc4 40. Rxh6 Kg7
41. Rd6 Rxf2 42. Ne4 Ra2 43. Nxg5 Rxa3 44. g4 Rb3 45. Nf3 Rxb4 46. Ne5 Rb1 47.
g5 Re1 48. Rd7+ Kf8 49. Nf3 Re7 50. Rd6 Rb7 51. Rf6+ Kg7 52. Nd4 Rf7 53. Rd6 b4
54. Rc6 Bd5 55. Rc5 Be4 56. Rb5 Rf2 57. Kg3 Rxg2+ 58. Kf4 Bg6 59. Rb7+ Kg8 60.
Rxb4 Rf2+ 61. Ke5 Kh7 62. Rb6 Rf1 63. Rd6 Re1+ 64. Kf6 Rf1+ 65. Ke7 Rg1 66. Ne6
Re1 67. Rd7 Kg8 68. Kf6 Bh5 69. Rd8+ Kh7 70. Nf8+ Kg8 71. Ng6+ 1-0

[Event "Mondiale Semilampo 2016"]
[Site "Doha QAT"]
[Date "2016.12.26"]
[Round "2.11"]
[White "Adhiban, Baskaran"]
[Black "Korobov, Anton"]
[Result "0-1"]
[WhiteTitle "GM"]
[BlackTitle "GM"]
[WhiteElo "2666"]
[BlackElo "2692"]
[WhiteFideId "5018471"]
[BlackFideId "14105730"]
[EventDate "2016.12.26"]

1. d4 Nf6 2. Nf3 e6 3. e3 b6 4. Bd3 Bb7 5. O-O c5 6. c4 Be7 7. Nc3 cxd4 8. exd4
O-O 9. d5 Na6 10. Bc2 Qc7 11. Bg5 h6 12. Bxf6 Bxf6 13. Qd3 g6 14. Qe3 Bg7 15.
Rad1 Qxc4 16. Ne5 Qc7 17. d6 Qc5 18. Qxc5 Nxc5 19. f4 g5 20. b4 gxf4 21. Rde1
Na6 22. Bb1 Nxb4 23. Rxf4 Nc6 24. Nxc6 Bxc6 25. Ne4 f5 26. Ng3 Bc3 27. Re2 Rac8
28. Bd3 a5 29. Nh5 Bb4 30. h3 Bxd6 31. Rf1 b5 32. g4 fxg4 33. Nf6+ Kg7 34. Nh5+
Kh8 35. Rxf8+ Rxf8 36. hxg4 Bc5+ 37. Kh2 Rf1 38. Be4 Rf2+ 39. Rxf2 Bxf2 40. Bxc6
dxc6 41. Kg2 Bd4 42. Nf4 e5 43. Ng6+ Kg7 44. Ne7 c5 45. Nf5+ Kg6 46. Nd6 b4 47.
Kf3 a4 48. Nc4 b3 49. axb3 axb3 50. Ke4 b2 51. Nd2 c4 52. Nb1 Kg5 0-1

[Event "Mondiale Semilampo 2016"]
[Site "Doha QAT"]
[Date "2016.12.26"]
[Round "2.12"]
[White "Jobava, Baadur"]
[Black "Vidit, Santosh Gujrathi"]
[Result "0-1"]
[WhiteTitle "GM"]
[BlackTitle "GM"]
[WhiteElo "2702"]
[BlackElo "2689"]
[WhiteFideId "13601520"]
[BlackFideId "5029465"]
[EventDate "2016.12.26"]

1. e4 c6 2. d3 d5 3. Nd2 e5 4. Ngf3 Bd6 5. d4 exd4 6. exd5 cxd5 7. Nb3 Nf6 8.
Bb5+ Nc6 9. Qe2+ Ne4 10. Nfxd4 O-O 11. Nxc6 bxc6 12. Bxc6 Rb8 13. O-O Bxh2+ 14.
Kxh2 Qd6+ 15. Kg1 Qxc6 16. Nd4 Qf6 17. Rd1 Re8 18. f3 Ba6 19. Qe1 Nd6 20. Qa5
Nb5 21. Nxb5 Rxb5 22. Qc7 Rb7 23. Qg3 Bc4 24. c3 Re2 25. Rd4 h6 26. Kh2 Rbe7 27.
b3 Ba6 28. Bd2 R7e5 29. Rd1 Qe6 30. Rg4 Rh5+ 31. Kg1 Qb6+ 32. Rd4 Rf5 33. Qg4
Rf6 34. Qh5 Rg6 35. g4 Qc7 36. Qh4 Rf6 37. f4 Rfe6 38. Re1 Rxe1+ 39. Bxe1 Re2
40. Bd2 Qb6 41. Kh1 Qe6 42. Qg3 Qe7 43. f5 f6 44. b4 Bc4 45. a4 Qe5 46. Qf4 Qe8
47. b5 Kh7 48. Kg1 Qe7 49. Qf3 Rxd2 0-1

[Event "Mondiale Semilampo 2016"]
[Site "Doha QAT"]
[Date "2016.12.26"]
[Round "2.13"]
[White "Bosiocic, Marin"]
[Black "Tomashevsky, Evgeny"]
[Result "0-1"]
[WhiteTitle "GM"]
[BlackTitle "GM"]
[WhiteElo "2591"]
[BlackElo "2716"]
[WhiteFideId "14507927"]
[BlackFideId "4147235"]
[EventDate "2016.12.26"]

1. Nf3 d5 2. g3 Bg4 3. Bg2 c6 4. c4 e6 5. O-O Nf6 6. d3 Be7 7. Be3 dxc4 8. dxc4
Nbd7 9. Nc3 Qc7 10. h3 Bh5 11. Qc2 O-O 12. Rad1 Rfd8 13. Qc1 Bxf3 14. exf3 Bc5
15. Bf4 e5 16. Bd2 Nf8 17. Bg5 Be7 18. f4 Ne6 19. Bxf6 Bxf6 20. f5 Nd4 21. Qb1
Qe7 22. b4 a5 23. a3 axb4 24. axb4 Ra3 25. Ne4 Rb3 26. Qa2 Rxb4 27. g4 Bg5 28.
Rfe1 Bf4 29. Qa3 Nc2 30. Rxd8+ Qxd8 31. Qc3 Nxe1 32. Qxb4 Qd1 33. Bf1 Nf3+ 34.
Kg2 Nh2 35. Ng3 Qf3+ 36. Kg1 Bxg3 37. fxg3 Qxg3+ 38. Bg2 Nf3+ 39. Kf1 e4 40. Qb2
Qe1# 0-1

[Event "Mondiale Semilampo 2016"]
[Site "Doha QAT"]
[Date "2016.12.26"]
[Round "2.14"]
[White "Inarkiev, Ernesto"]
[Black "Quparadze, Giga"]
[Result "1/2-1/2"]
[WhiteTitle "GM"]
[BlackTitle "IM"]
[WhiteElo "2709"]
[BlackElo "2481"]
[WhiteFideId "4162722"]
[BlackFideId "13602250"]
[EventDate "2016.12.26"]

1. d4 Nf6 2. c4 e6 3. Nf3 Bb4+ 4. Bd2 c5 5. Bxb4 cxb4 6. g3 b6 7. Bg2 Bb7 8. O-O
O-O 9. Qb3 a5 10. a3 Na6 11. Nbd2 d5 12. Rfd1 Rc8 13. cxd5 Nxd5 14. a4 Nb8 15.
Ne5 Nc6 16. Ndc4 Nce7 17. e4 Nf6 18. Qe3 Ba6 19. b3 Re8 20. Rac1 b5 21. axb5
Bxb5 22. Qf4 Rf8 23. g4 a4 24. g5 Ne8 25. bxa4 Bxa4 26. Rd3 Bb5 27. Qd2 Nc6 28.
Bf1 Nd6 29. Nxd6 Qxd6 30. Nc4 Qe7 31. Rh3 Rcd8 32. d5 Bxc4 33. Rxc4 Ne5 34. Rxb4
f6 35. f4 Ng6 36. f5 exf5 37. exf5 Ne5 38. g6 hxg6 39. fxg6 Qc5+ 40. Kh1 Rxd5
41. Qa2 Rd8 42. Rb5 Qd4 43. Re3 Nxg6 44. Rxd5 Rxd5 45. Rd3 Qe4+ 46. Kg1 Nf4 47.
Rxd5 Qe3+ 48. Kh1 Qe4+ 49. Kg1 Qe3+ 50. Qf2 Nxd5 51. Bc4 Qc1+ 52. Qf1 Qd2 53.
Qf2 Qd1+ 54. Qf1 Qd4+ 55. Kh1 Kf8 56. Qd3 Qa1+ 57. Qf1 Qe5 58. Qd3 Qe1+ 59. Qf1
Qe4+ 60. Kg1 Ne3 61. Qe2 Qd4 62. Bb3 g5 63. Qf3 Kg7 64. Qe2 g4 65. Kf2 Qf4+ 66.
Kg1 Qd4 67. Kf2 Nf5+ 68. Kg2 Kh6 69. Be6 Ne3+ 70. Kf2 Qf4+ 71. Ke1 Kg5 72. Ba2
f5 73. Qd3 Qe5 74. Kf2 Qf4+ 75. Ke1 Qb4+ 76. Ke2 f4 77. Qd8+ Kf5 78. Qd7+ Ke4
79. Qe6+ Kd4 80. Qf6+ Kc5 81. Qe7+ Kb5 82. Qxb4+ Kxb4 83. Be6 Kc3 84. Bxg4 Nxg4
85. Kf3 Nxh2+ 86. Kxf4 1/2-1/2

[Event "Mondiale Semilampo 2016"]
[Site "Doha QAT"]
[Date "2016.12.26"]
[Round "2.15"]
[White "Grandelius, Nils"]
[Black "Dreev, Aleksey"]
[Result "1/2-1/2"]
[WhiteTitle "GM"]
[BlackTitle "GM"]
[WhiteElo "2643"]
[BlackElo "2652"]
[WhiteFideId "1710400"]
[BlackFideId "4100107"]
[EventDate "2016.12.26"]

1. e4 c6 2. d4 d5 3. Nc3 dxe4 4. Nxe4 Bf5 5. Ng3 Bg6 6. h4 h6 7. Nf3 e6 8. Ne5
Bh7 9. Bd3 Bxd3 10. Qxd3 Nd7 11. f4 c5 12. Be3 Nxe5 13. fxe5 cxd4 14. O-O-O Qd5
15. Qxd4 Qxd4 16. Bxd4 Ne7 17. Ne4 Nc6 18. Bc3 Be7 19. Nd6+ Bxd6 20. Rxd6 h5 21.
Rhd1 Rd8 22. Rxd8+ Nxd8 23. Rd3 Nc6 24. a4 Rg8 25. b4 g5 26. b5 Ne7 27. Rg3 Nf5
28. Rxg5 Rxg5 29. hxg5 Nh4 30. g3 Nf3 31. Kd1 Nxg5 32. Bd4 a6 33. Ke2 axb5 34.
axb5 Ne4 35. Kf3 Nd2+ 36. Ke3 Nf1+ 37. Kf4 Nd2 38. Ke3 Nf1+ 39. Kf4 Nd2 1/2-1/2

[Event "Mondiale Semilampo 2016"]
[Site "Doha QAT"]
[Date "2016.12.26"]
[Round "2.16"]
[White "Akopian, Vladimir"]
[Black "Bok, Benjamin"]
[Result "0-1"]
[WhiteTitle "GM"]
[BlackTitle "GM"]
[WhiteElo "2675"]
[BlackElo "2598"]
[WhiteFideId "13300032"]
[BlackFideId "1017063"]
[EventDate "2016.12.26"]

1. e4 c5 2. Nf3 d6 3. c3 Nf6 4. Be2 g6 5. O-O Bg7 6. Bb5+ Bd7 7. Bxd7+ Nbxd7 8.
Re1 O-O 9. d4 Rc8 10. e5 dxe5 11. dxe5 Ng4 12. e6 Nde5 13. Nxe5 Nxe5 14. Qb3 Qc7
15. Nd2 c4 16. Qc2 f5 17. b3 cxb3 18. Qxb3 Nd3 19. Rd1 Qc5 20. Nf3 Qxf2+ 21. Kh1
Rxc3 22. Qxb7 Qc5 23. Rf1 Rxc1 24. Raxc1 Nxc1 25. Rd1 Nxa2 26. h3 Nc3 27. Rd7
Bf6 28. Rc7 Qe3 29. Rxe7 Bxe7 30. Qxe7 Ne4 31. Qc7 Qc5 32. Qd7 Qd6 33. Nd4 Qxd7
34. exd7 Rd8 0-1

[Event "Mondiale Semilampo 2016"]
[Site "Doha QAT"]
[Date "2016.12.26"]
[Round "2.17"]
[White "Tari, Aryan"]
[Black "Salem, A.R. Saleh"]
[Result "0-1"]
[WhiteTitle "GM"]
[BlackTitle "GM"]
[WhiteElo "2584"]
[BlackElo "2656"]
[WhiteFideId "1510045"]
[BlackFideId "9301348"]
[EventDate "2016.12.26"]

1. e4 c5 2. Nf3 d6 3. d4 cxd4 4. Nxd4 Nf6 5. Nc3 a6 6. h3 e6 7. g4 Be7 8. g5
Nfd7 9. Be3 b5 10. a3 Bb7 11. h4 Nc6 12. Qd2 Nde5 13. O-O-O Nxd4 14. Qxd4 O-O
15. f4 Nc6 16. Qb6 Qd7 17. Bd2 Rab8 18. Bh3 b4 19. axb4 Ba8 20. Qe3 Nxb4 21. f5
exf5 22. exf5 Bxh1 23. Rxh1 Qb7 24. Re1 Bd8 25. b3 Ba5 26. f6 Nxc2 27. Kxc2
Qxb3+ 28. Kd3 d5 29. Qd4 Rfd8 30. Bg4 Rb4 31. Qe5 Qc4+ 32. Kc2 Qb3+ 33. Kd3 Re4
34. Rxe4 dxe4+ 35. Ke3 Qc2 36. Be1 Bb6+ 37. Kf4 Qh2+ 38. Bg3 Qd2+ 39. Kxe4 Qe3+ 0-1

[Event "Mondiale Semilampo 2016"]
[Site "Doha QAT"]
[Date "2016.12.26"]
[Round "2.18"]
[White "Amin, Bassem"]
[Black "Svane, Rasmus"]
[Result "1-0"]
[WhiteTitle "GM"]
[BlackTitle "GM"]
[WhiteElo "2662"]
[BlackElo "2555"]
[WhiteFideId "10601457"]
[BlackFideId "4657101"]
[EventDate "2016.12.26"]

1. e4 e6 2. d3 d5 3. Nd2 Nf6 4. Ngf3 Nc6 5. c3 e5 6. b4 Bd6 7. Bb2 O-O 8. a3 Re8
9. g3 a5 10. Bg2 Ne7 11. O-O c6 12. d4 Ng6 13. dxe5 Nxe5 14. Nxe5 Bxe5 15. exd5
cxd5 16. Nf3 Bd6 17. Nd4 Bg4 18. Qb3 Be5 19. Nf3 Bxf3 20. Bxf3 Qc7 21. Rad1 a4
22. Qc2 Rac8 23. Bxd5 Bxc3 24. Bxc3 Nxd5 25. Rxd5 Qxc3 26. Qxa4 Ra8 27. Ra5 Rad8
28. Rc5 Qf3 29. Rc7 h5 30. Qb5 Qxa3 31. Qxh5 g6 32. Qb5 Re4 33. Rxb7 Rdd4 34.
Rb8+ Kg7 35. Qc5 Rxb4 36. Qf8+ Kf6 37. Rb6+ Kg5 38. Rxb4 Qxb4 39. Qxf7 Kh6 40.
Qf3 Kg7 41. h4 Re1 42. Rxe1 Qxe1+ 43. Kg2 Qe5 44. Qg4 Qd5+ 45. Kg1 Kf7 46. Qf4+
Kg7 47. Kh2 Qc5 48. g4 Qd5 49. Kg3 Qd3+ 50. Qe3 Qd6+ 51. f4 Kf7 52. Qb3+ Kg7 53.
Qc3+ Kf7 54. g5 Qb6 55. Qf3 Kg7 56. Kg2 Qb2+ 57. Kh3 Qd4 58. f5 gxf5 59. Qxf5
Qc3+ 60. Kg4 Qc4+ 61. Qf4 Qe6+ 62. Kf3 Qb3+ 63. Kf2 Qc2+ 64. Kg3 Qc3+ 65. Kg4
Qc8+ 66. Kg3 Qc3+ 67. Qf3 Qe5+ 68. Kh3 Kg6 69. Qd3+ Kg7 70. Qd7+ Kg6 71. Qc6+
Kf7 72. Kg4 Qd4+ 73. Kh5 Qh8+ 74. Qh6 Qe5 75. Qg6+ Ke7 76. Kh6 Qf4 77. h5 Kd7
78. Qf6 Qe3 79. Kg7 Ke8 80. h6 Qa7+ 81. Kg6 Qa2 82. Kg7 Qa7+ 83. Kh8 Qe3 84. h7
Kd7 85. Kg7 1-0

[Event "Mondiale Semilampo 2016"]
[Site "Doha QAT"]
[Date "2016.12.26"]
[Round "2.19"]
[White "Darini, Pouria"]
[Black "Nguyen, Ngoc Truong Son"]
[Result "1-0"]
[WhiteTitle "GM"]
[BlackTitle "GM"]
[WhiteElo "2511"]
[BlackElo "2629"]
[WhiteFideId "12502200"]
[BlackFideId "12401110"]
[EventDate "2016.12.26"]

1. e4 e5 2. Nf3 Nc6 3. d4 exd4 4. Nxd4 Bc5 5. Nb3 Bb6 6. Nc3 Nge7 7. Qe2 O-O 8.
Be3 f5 9. O-O-O Bxe3+ 10. Qxe3 f4 11. Qd2 d6 12. Bc4+ Kh8 13. h4 Ne5 14. Be2 Be6
15. h5 h6 16. Kb1 Bxb3 17. axb3 a5 18. f3 Ng8 19. g3 Qg5 20. Nd5 Qxg3 21. Nxc7
Rac8 22. Ne6 Rf6 23. Qxd6 Nxf3 24. Bxf3 Rc6 25. Qb8 Qxf3 26. Rd8 Qxh1+ 27. Ka2 1-0

[Event "Mondiale Semilampo 2016"]
[Site "Doha QAT"]
[Date "2016.12.26"]
[Round "2.20"]
[White "Vallejo Pons, Francisco"]
[Black "Sanal, Vahap"]
[Result "1/2-1/2"]
[WhiteTitle "GM"]
[BlackTitle "GM"]
[WhiteElo "2711"]
[BlackElo "2474"]
[WhiteFideId "2205530"]
[BlackFideId "6300545"]
[EventDate "2016.12.26"]

1. d4 Nf6 2. c4 e6 3. g3 d5 4. Bg2 Bb4+ 5. Bd2 Bxd2+ 6. Qxd2 O-O 7. Nf3 Nbd7 8.
O-O c6 9. Qc2 b6 10. Nbd2 Bb7 11. Rad1 Qe7 12. Rfe1 c5 13. cxd5 exd5 14. dxc5
bxc5 15. e4 Nxe4 16. Nh4 Nb6 17. Nxe4 dxe4 18. Nf5 Qe6 19. Nd6 Bd5 20. Nxe4 Qf5
21. Nf6+ Qxf6 22. Bxd5 Rad8 23. Be4 g6 24. b3 Rc8 25. Bb7 Rc7 26. Ba6 Nd7 27.
Bc4 Ne5 28. Re3 Nf3+ 29. Kg2 Nd4 30. Qe4 a5 31. Qe5 Qxe5 32. Rxe5 Ra8 33. Rd3
Kf8 34. h4 h5 35. Rde3 a4 36. Bd5 Raa7 37. bxa4 Rxa4 38. Re8+ Kg7 39. R8e7 Raa7
40. Rxc7 Rxc7 41. Rc3 Kf6 42. a4 1/2-1/2

[Event "Mondiale Semilampo 2016"]
[Site "Doha QAT"]
[Date "2016.12.26"]
[Round "2.21"]
[White "Atabayev, Yusup"]
[Black "Bortnyk, Olexandr"]
[Result "1/2-1/2"]
[WhiteTitle "IM"]
[BlackTitle "GM"]
[WhiteElo "2473"]
[BlackElo "2581"]
[WhiteFideId "14001128"]
[BlackFideId "14120828"]
[EventDate "2016.12.26"]

1. d4 d6 2. e4 Nf6 3. Nc3 Nbd7 4. Nf3 e5 5. Bc4 Be7 6. O-O O-O 7. h3 a6 8. a4 b6
9. Qe2 Bb7 10. Rd1 Qe8 11. dxe5 dxe5 12. Bg5 Bb4 13. Bxf6 Nxf6 14. Nd5 Nxd5 15.
Bxd5 c6 16. Bb3 Qe7 17. Rd3 a5 18. Bc4 Rad8 19. Rad1 Rxd3 20. Qxd3 Bc8 21. Qe3
Bc5 22. Qg5 Bxf2+ 23. Kxf2 Qc5+ 24. Kg3 Qxc4 25. Qe7 f6 26. Rd8 Qf7 27. Rxf8+
Qxf8 28. Qc7 Qe8 29. Qxb6 Be6 30. Kf2 Qa8 31. Ne1 f5 32. Nd3 fxe4 33. Nxe5 Qf8+
34. Ke3 g5 35. g3 g4 36. h4 Qh6+ 37. Kxe4 Bd5+ 38. Kd4 Qd2+ 39. Nd3 Qxc2 40.
Qd8+ Kg7 41. Qe7+ Kg8 42. Qe8+ Kg7 43. Qe7+ Kg8 44. Qe8+ Kg7 1/2-1/2

[Event "Mondiale Semilampo 2016"]
[Site "Doha QAT"]
[Date "2016.12.26"]
[Round "2.23"]
[White "Ganguly, Surya Shekhar"]
[Black "Nepomniachtchi, Ian"]
[Result "1/2-1/2"]
[WhiteTitle "GM"]
[BlackTitle "GM"]
[WhiteElo "2668"]
[BlackElo "2767"]
[WhiteFideId "5002150"]
[BlackFideId "4168119"]
[EventDate "2016.12.26"]

1. e4 c5 2. Nf3 d6 3. d4 cxd4 4. Nxd4 Nf6 5. Nc3 a6 6. h3 e5 7. Nde2 h5 8. Bg5
Be6 9. Bxf6 Qxf6 10. Nd5 Qd8 11. Qd3 Nd7 12. O-O-O Rc8 13. Kb1 g6 14. g3 Bg7 15.
Nec3 b5 16. Qe3 O-O 17. h4 Nc5 18. Bh3 Bxh3 19. Rxh3 Ne6 20. Rhh1 Rc4 21. a3 Nd4
22. g4 a5 23. b3 Rc5 24. gxh5 b4 25. h6 Bh8 26. h7+ Kxh7 27. h5 g5 28. axb4 axb4
29. Nxb4 Qa5 30. Nca2 Ra8 31. Rd2 Rb5 32. c3 Nxb3 33. Rb2 Nd4 34. Qxg5 Qa3 35.
Qe7 Ra7 36. Qxd6 Ne6 37. Rg1 Bf6 38. Qd1 Bg5 39. Qe2 Rb8 40. Qg4 Rxb4 41. Qf5+
Kh6 42. cxb4 Qd3+ 43. Ka1 Rxa2+ 44. Kxa2 Qa6+ 1/2-1/2

[Event "Mondiale Semilampo 2016"]
[Site "Doha QAT"]
[Date "2016.12.26"]
[Round "2.26"]
[White "Anton Guijarro, David"]
[Black "Malakhov, Vladimir"]
[Result "1/2-1/2"]
[WhiteTitle "GM"]
[BlackTitle "GM"]
[WhiteElo "2650"]
[BlackElo "2713"]
[WhiteFideId "2285525"]
[BlackFideId "4120787"]
[EventDate "2016.12.26"]

1. d4 d5 2. c4 c6 3. Nf3 Nf6 4. Nc3 a6 5. e3 Bf5 6. Bd3 Bxd3 7. Qxd3 e6 8. O-O
Bb4 9. Bd2 O-O 10. Rfd1 Ba5 11. Rab1 Nbd7 12. Be1 Re8 13. h3 h6 14. a4 Bc7 15.
Qe2 Qe7 16. b3 Rac8 17. e4 dxe4 18. Nxe4 e5 19. Nxf6+ Qxf6 20. dxe5 Nxe5 21.
Nxe5 Bxe5 22. Qg4 c5 23. Rd3 Bd4 24. Qf3 Qg6 25. Rbd1 Rc6 26. Bc3 Rf6 27. Qxb7
Bxf2+ 28. Kh2 Rfe6 29. Qf3 Re3 30. Rxe3 Rxe3 31. Qxf2 Rxc3 32. Qxc5 Rxb3 33. Qe5
Kh7 34. c5 Ra3 35. Rd4 f6 36. Qd6 h5 37. c6 Rc3 38. c7 Qf7 39. Rd5 Rxc7 40.
Rxh5+ Qxh5 41. Qxc7 Qd5 42. a5 Qd3 43. g4 Qf3 44. Qb6 Qe2+ 45. Kg3 Qd3+ 46. Kg2
Kg6 47. Qc5 Qe2+ 48. Kg3 Qe1+ 49. Kg2 Qe2+ 1/2-1/2

[Event "Mondiale Semilampo 2016"]
[Site "Doha QAT"]
[Date "2016.12.26"]
[Round "2.27"]
[White "Wojtaszek, Radoslaw"]
[Black "Belyakov, Bogdan"]
[Result "1-0"]
[WhiteTitle "GM"]
[BlackTitle "IM"]
[WhiteElo "2749"]
[BlackElo "2487"]
[WhiteFideId "1118358"]
[BlackFideId "24104795"]
[EventDate "2016.12.26"]

1. Nf3 Nf6 2. c4 g6 3. Nc3 Bg7 4. e4 d6 5. d4 O-O 6. Be2 e5 7. O-O Nc6 8. d5 Ne7
9. a4 a5 10. Ne1 Nd7 11. Nd3 f5 12. f3 f4 13. b3 g5 14. Ba3 b6 15. b4 axb4 16.
Bxb4 h5 17. Nf2 Ng6 18. a5 bxa5 19. Bxa5 Ba6 20. Nb5 Bxb5 21. cxb5 Nc5 22. Qc2
g4 23. fxg4 f3 24. Bxf3 Nh4 25. Nd3 hxg4 26. Nxc5 gxf3 27. Ne6 Qf6 28. Nxf8 Rxf8
29. g3 Qg6 30. Ra3 Qg4 31. Qf2 Bh6 32. Kh1 Be3 33. Rxe3 1-0

[Event "Mondiale Semilampo 2016"]
[Site "Doha QAT"]
[Date "2016.12.26"]
[Round "2.28"]
[White "Kozul, Zdenko"]
[Black "Onischuk, Vladimir"]
[Result "0-1"]
[WhiteTitle "GM"]
[BlackTitle "GM"]
[WhiteElo "2613"]
[BlackElo "2601"]
[WhiteFideId "14502879"]
[BlackFideId "14114038"]
[EventDate "2016.12.26"]

1. Nf3 g6 2. d4 Bg7 3. c4 d6 4. Nc3 Nc6 5. d5 Ne5 6. Nxe5 Bxe5 7. e4 Nf6 8. f3
c6 9. Bh6 e6 10. Qd2 Qb6 11. Na4 Qc7 12. Rc1 Bd7 13. Bd3 Qd8 14. Nc3 Nh5 15. g3
exd5 16. cxd5 Bh3 17. dxc6 bxc6 18. Bf1 Be6 19. b3 f5 20. f4 Bf6 21. Bg2 Rc8 22.
O-O Kf7 23. Na4 Ng7 24. Bxg7 Kxg7 25. exf5 gxf5 26. Rxc6 Rxc6 27. Bxc6 d5 28.
Qe3 Bf7 29. Qxa7 Qd6 30. Bb5 Qb4 31. Qa6 Qe4 32. Bd3 Bd4+ 0-1

[Event "Mondiale Semilampo 2016"]
[Site "Doha QAT"]
[Date "2016.12.26"]
[Round "2.29"]
[White "Ghaem Maghami, Ehsan"]
[Black "Jakovenko, Dmitry"]
[Result "0-1"]
[WhiteTitle "GM"]
[BlackTitle "GM"]
[WhiteElo "2574"]
[BlackElo "2704"]
[WhiteFideId "12500739"]
[BlackFideId "4122356"]
[EventDate "2016.12.26"]

1. d4 Nf6 2. c4 e6 3. Nf3 d5 4. g3 Be7 5. Bg2 O-O 6. O-O c6 7. Qc2 b6 8. Bf4
Nbd7 9. Nc3 Bb7 10. Ne5 Nxe5 11. dxe5 Nd7 12. Rad1 g5 13. Bc1 Nxe5 14. b3 f5 15.
e4 fxe4 16. Nxe4 Ng6 17. Qe2 Rf5 18. Bb2 Qe8 19. Nd2 Bf6 20. Bxf6 Rxf6 21. Nf3
h6 22. Ne5 Nxe5 23. Qxe5 Qg6 24. Rfe1 Raf8 25. Rd2 Bc8 26. Qe3 Qg7 27. Rde2 Rf5
28. Qd2 Bd7 29. Qd3 d4 30. Be4 R5f7 31. c5 e5 32. Bg2 Re7 33. cxb6 axb6 34. Bxc6
Bf5 35. Be4 Qg6 36. Bxf5 Qxf5 37. Qxf5 Rxf5 38. g4 Rf4 39. Rxe5 Rxg4+ 40. Kf1
Rxe5 41. Rxe5 Rh4 42. Rd5 Kf7 43. Rd6 b5 44. Ke2 b4 45. Rb6 h5 46. h3 Rxh3 47.
Rxb4 d3+ 48. Kd2 Rf3 49. a4 h4 50. Rg4 Kg6 51. Rg2 Kh5 52. a5 g4 53. b4 Rf4 54.
Kxd3 Rxb4 55. Rg1 Ra4 56. Rb1 Rxa5 57. Ke2 Rf5 58. Rb8 g3 59. f3 Ra5 60. Rh8+
Kg5 61. Rg8+ Kf5 62. Rf8+ Kg5 63. Rg8+ Kf6 64. Rh8 Ra1 0-1